Statistics for Biggest Cities In Scotland

Click here to take the quiz!

General Stats

  • This quiz has been taken 51 times
  • The average score is 9 of 15

Answer Stats

RankPopulationCity% Correct
2498,000Edinburgh
100%
1623,000Glasgow
100%
3198,000Aberdeen
93%
1247,000Inverness
89%
4148,000Dundee
83%
1346,000Perth
65%
1446,000Ayr
50%
577,000Paisley
43%
1546,000Kilmarnock
39%
757,000Livingston
37%
675,000East Kilbride
35%
854,000Hamilton
35%
1150,000Kirkcaldy
35%
954,000Dunfermline
30%
1050,000Cumbernauld
28%

Score Distribution

Percentile by Number Answered

Percent of People with Each Score

Your Score History

You have not taken this quiz